<?xml version="1.0" encoding="UTF-8"?><?xml-stylesheet type="text/xsl" href="static/style.xsl"?><OAI-PMH xmlns="http://www.openarchives.org/OAI/2.0/" xmlns:xsi="http://www.w3.org/2001/XMLSchema-instance" xsi:schemaLocation="http://www.openarchives.org/OAI/2.0/ http://www.openarchives.org/OAI/2.0/OAI-PMH.xsd"><responseDate>2026-04-18T02:20:21Z</responseDate><request verb="GetRecord" identifier="oai:www.recercat.cat:2099.1/11804" metadataPrefix="marc">https://recercat.cat/oai/request</request><GetRecord><record><header><identifier>oai:recercat.cat:2099.1/11804</identifier><datestamp>2025-07-23T06:45:13Z</datestamp><setSpec>com_2072_1033</setSpec><setSpec>col_2072_452951</setSpec></header><metadata><record xmlns="http://www.loc.gov/MARC21/slim" xmlns:dcterms="http://purl.org/dc/terms/" xmlns:xsi="http://www.w3.org/2001/XMLSchema-instance" xmlns:doc="http://www.lyncode.com/xoai" xsi:schemaLocation="http://www.loc.gov/MARC21/slim http://www.loc.gov/standards/marcxml/schema/MARC21slim.xsd">
   <leader>00925njm 22002777a 4500</leader>
   <datafield ind2=" " ind1=" " tag="042">
      <subfield code="a">dc</subfield>
   </datafield>
   <datafield ind2=" " ind1=" " tag="720">
      <subfield code="a">Álvarez Regordosa, Aleix</subfield>
      <subfield code="e">author</subfield>
   </datafield>
   <datafield ind2=" " ind1=" " tag="260">
      <subfield code="c">2011-01-27</subfield>
   </datafield>
   <datafield ind2=" " ind1=" " tag="520">
      <subfield code="a">En aquest projecte s’estudiarà la utilització de la metodologia MEEUP “Methodology Study Eco-design of Energy-using Products” estipulada per la Unió Europea i desenvolupada per una empresa anomenada VHK “Van Holsteijn en Kemma BV”. L’objectiu d’aquesta metodologia és implementar un anàlisi comú per a tot producte que utilitzi energia (PUE) mitjançant un mètode quantitatiu i qualitatiu per avaluar el comportament ambiental d’un producte e identificar prioritats ambientals de millora.&#xd;
En el meu cas he utilitzat el mètode de l’Anàlisi del Cicle de Vida del producte (ACV, o en anglès Life Cycle Assessment, LCA) que és una tècnica quantitativa que permet compilar i avaluar les entrades i sortides de matèria i energia i els impactes ambientals potencials d'un producte, servei o activitat al llarg de tot el seu cicle de vida, és a dir, de l’extracció fins al final de vida, per, posteriorment, classificar-los en diferents categories e indicadors (energia bruta, escalfament global, residus,...) segons el seu impacte ambiental potencial, transformant-se per a cada indicador en una unitat equivalent (per exemple, el canvi climàtic s’expressarà en unitats equivalents de CO2).&#xd;
En el meu cas analitzaré com a producte diferents tipus de motors elèctrics (motor d’inducció i motor de reluctància autocommutat), en els quals s’ha elaborat un procés per al seu càlcul i dimensionament, així com per la determinació del seu rendiment; d’aquesta manera serà possible obtenir les dades necessàries estipulades per la metodologia e introduir-les per esbrinar l’impacte ambiental produït per cada un dels diferents indicadors estipulats.&#xd;
Finalment es modificaran alguns dels paràmetres utilitzats en el procés de càlcul per tal de produir millores en els valors funcionals i reduir l’impacte ambiental dels motors analitzats.</subfield>
   </datafield>
   <datafield tag="653" ind2=" " ind1=" ">
      <subfield code="a">Àrees temàtiques de la UPC::Energies::Gestió de l'energia::Estalvi energètic</subfield>
   </datafield>
   <datafield tag="653" ind2=" " ind1=" ">
      <subfield code="a">Electric motors - Energy conservation</subfield>
   </datafield>
   <datafield tag="653" ind2=" " ind1=" ">
      <subfield code="a">MEEUP</subfield>
   </datafield>
   <datafield tag="653" ind2=" " ind1=" ">
      <subfield code="a">Ecodisseny</subfield>
   </datafield>
   <datafield tag="653" ind2=" " ind1=" ">
      <subfield code="a">SRM</subfield>
   </datafield>
   <datafield tag="653" ind2=" " ind1=" ">
      <subfield code="a">Circuit equivalent</subfield>
   </datafield>
   <datafield tag="653" ind2=" " ind1=" ">
      <subfield code="a">Corbes magnetització</subfield>
   </datafield>
   <datafield tag="653" ind2=" " ind1=" ">
      <subfield code="a">Motor d’inducció</subfield>
   </datafield>
   <datafield tag="653" ind2=" " ind1=" ">
      <subfield code="a">Comparativa</subfield>
   </datafield>
   <datafield tag="653" ind2=" " ind1=" ">
      <subfield code="a">Legislació</subfield>
   </datafield>
   <datafield tag="653" ind2=" " ind1=" ">
      <subfield code="a">Directiva</subfield>
   </datafield>
   <datafield tag="653" ind2=" " ind1=" ">
      <subfield code="a">ACV</subfield>
   </datafield>
   <datafield tag="653" ind2=" " ind1=" ">
      <subfield code="a">Motors elèctrics - Estalvi d'energia</subfield>
   </datafield>
   <datafield ind2="0" ind1="0" tag="245">
      <subfield code="a">Utilització de la metodologia MEEUP “Methodology Study Eco-design of Energy-using Products” en l’anàlisi ambiental de diferents motors elèctrics</subfield>
   </datafield>
</record></metadata></record></GetRecord></OAI-PMH>